April Fool Festival - Europe by Borders in 45 Seconds - Statistics

General Stats
  • This quiz has been taken 122 times
  • The average score is 33 of 45
Answers on the Map
Answers color-coded by a green-red scale on the quiz's map according to % correct below.
 
Answer Stats
Country % Correct
Austria
99%
Serbia
99%
Lithuania
98%
Italy
97%
Russia
94%
Hungary
93%
Norway
92%
Ukraine
92%
Spain
90%
Sweden
89%
Romania
88%
Vatican City
88%
Slovenia
86%
Greece
85%
Croatia
84%
Latvia
84%
Luxembourg
83%
Switzerland
82%
Andorra
81%
Monaco
81%
Montenegro
81%
Finland
80%
Germany
77%
Netherlands
77%
Bulgaria
76%
Portugal
75%
Iceland
74%
Bosnia and Herzegovina
72%
France
68%
Kosovo
66%
Moldova
64%
Poland
64%
Estonia
58%
Malta
58%
Albania
55%
Czechia
55%
Liechtenstein
52%
Belgium
51%
Macedonia
51%
Slovakia
50%
San Marino
49%
United Kingdom
48%
Belarus
47%
Denmark
32%
Ireland
32%
No matching quizzes found
Score Distribution
Percent of People with Each Score
Percentile by Number Answered
Your Score History
You have not taken this quiz